00555nam a2200145Ia 4500008004100000040001600041041001200057082001700069100001600086245013700102300001000239942000700249952013600256999001700392230917s9999||||xx |||||||||||||| ||und|| e89799aMAIN aEnglish a617.96 B332D aBatra, Ajay 0aDouble blind study to compare the analgesic effect of ketorolac tromethamine and diclojenac sodium for relief of post-operative pain a81 p. cTH 0010406617_960000000000000_B332D709121826aMAINbMAINd2003-05-01l0o617.96 B332Dp155842r2023-09-17 20:58:28w2023-09-17yTH c79531d79531